00514nam a22001697a 450000500170000000800410001702000220005808200220008024500220010225000110012426000250013530000090016050000260016965000900019570000270028570000320031220231102151753.0141129b xxu||||| |||| 00| 0 spa d a978-607-440-575-0 a342.720 M79p 2014 aAgenda tributaria a11a ed aMéxicobTAXXc2014 a800p aIncluye bibliografia  a1- ley de impuestos sobre la de renta/2-Ley federal de los derechos del contribuyente aCP. Jose Perez Chavez  aCP. Eladio Campero Guerrero